Statistics for Malaysia Airlines Destinations

Click here to take the quiz!

General Stats

  • This quiz has been taken 177 times
  • The average score is 30 of 54

Answer Stats

Answer% Correct
Beijing
91%
Jakarta
91%
London-Heathrow
86%
Singapore
84%
Tokyo-Narita
84%
Sydney
83%
Bangkok-Suvarnabhumi
81%
Shanghai-Pudong
81%
Melbourne
78%
Delhi
76%
Mumbai
76%
Perth
76%
Seoul-Incheon
76%
Hong Kong
74%
Kuala Lumpur
74%
Manila
74%
Osaka-Kansai
74%
Hanoi
73%
Guangzhou
70%
Auckland
68%
Taipei-Taoyuan
67%
Denpasar
60%
Penang
60%
Kota Kinabalu
58%
Dhaka
57%
Adelaide
56%
Ho Chi Minh City
56%
Phuket
56%
Chennai
55%
Kuching
53%
Phnom Penh
52%
Yangon
49%
Colombo
48%
Johor Bahru
48%
Medan
46%
Bangalore
45%
Bandar seri Begawan
44%
Hyderabad
43%
Langkawi
42%
Jeddah
40%
Xiamen
40%
Darwin
37%
Kathmandu
37%
Miri
37%
Alor Setar
32%
Sandakan
32%
Kuantan
31%
Kuala Terengganu
29%
Tawau
28%
Bintulu
27%
Kota Bharu
26%
Siem Reap
26%
Sibu
24%
Labuan
22%

Score Distribution

Percentile by Number Answered

Percent of People with Each Score

Your Score History

You have not taken this quiz